[Event "Ch Europe (juniors) (under 18)"]
[Site "masterchessopen.com Batumi (Georgia)"]
[Date "2010.09.26"]
[Round "7"]
[White "Popilski Gil (ISR)"]
[Black "Jurevicius Tomas (LTU)"]
[Result "1-0"]
[WhiteElo "2454"]
[BlackElo "2001"]

1.d4 Nf6 2.c4 e6 3.Nc3 Bb4 4.e3 c5 5.Ne2 d6 6.a3 Ba5 7.Rb1 Nc6 8.g3 Ne4 9.Bd2
Nxd2 10.Qxd2 Qf6 11.Bg2 Bxc3 12.Qxc3 Bd7 13.b4 cxd4 14.exd4 e5 15.dxe5 Qxe5
16.O-O Be6 17.Rfe1 Qxc3 18.Nxc3 O-O-O 19.c5 Bf5 20.Rbc1 dxc5 21.Nb5 Bd3
22.Bxc6 bxc6 23.Nxa7+ Kc7 24.Rxc5 Kb6 25.Nxc6 Rhe8 26.Rd1 {#r} 1-0

[Event "It (open)"]
[Site "masterchessopen.com Forchheim (Germany)"]
[Date "2010.10.03"]
[Round "5"]
[White "Schoene Ralf (GER)"]
[Black "Barnickel Josef (GER)"]
[Result "0-1"]
[WhiteElo "2319"]
[BlackElo "2048"]

1.d4 Nf6 2.c4 e6 3.Nc3 Bb4 4.e3 c5 5.Ne2 cxd4 6.exd4 O-O 7.a3 Be7 8.g3 d5 9.c5
b6 10.b4 bxc5 11.dxc5 a5 12.Rb1 axb4 13.axb4 Na6 14.Bg2 Rb8 15.Ba3 Bb7 16.O-O
e5 17.f4 d4 18.fxe5 Bxg2 19.exf6 Bxf1 20.fxe7 Qxe7 21.Nxd4 Qe3+ 22.Kxf1 Qxc3
23.Nc2 Rfd8 {#R} 0-1

[Event "Memorial M.Chigorin (open)"]
[Site "masterchessopen.com St. Petersburg (Russia)"]
[Date "2010.10.28"]
[Round "1"]
[White "Grachev Boris (RUS)"]
[Black "Ambartsumova Karina (RUS)"]
[Result "1-0"]
[WhiteElo "2668"]
[BlackElo "2302"]

1.d4 Nf6 2.c4 e6 3.Nc3 Bb4 4.e3 c5 5.Ne2 cxd4 6.exd4 d5 7.a3 Be7 8.Nf4 dxc4
9.Bxc4 Nc6 10.Be3 O-O 11.O-O b6 12.h3 Bb7 13.Ba2 Qd7 14.Qe2 Rfe8 15.Rfd1 Bd6
16.d5 exd5 17.Nfxd5 Nxd5 18.Nxd5 Rad8 19.Qh5 Re5 20.Qh4 Ne7 21.Nxe7+ Rxe7
22.Bg5 Qc6 23.Qg4 h5 24.Qf3 Qb5 25.Bd5 Bxd5 26.Rxd5 Qxb2 27.Rad1 f6 28.Bf4
{#r} 1-0

[Event "Memorial M.Chigorin (open)"]
[Site "masterchessopen.com St. Petersburg (Russia)"]
[Date "2010.11.02"]
[Round "6"]
[White "Sharafiev Azat (RUS)"]
[Black "Yemelin Vasily (RUS)"]
[Result "1-0"]
[WhiteElo "2445"]
[BlackElo "2571"]

1.d4 Nf6 2.c4 e6 3.Nc3 Bb4 4.e3 c5 5.Ne2 b6 6.a3 Ba5 7.Bd2 O-O 8.Rb1 Na6 9.Nf4
cxd4 10.exd4 Bxc3 11.Bxc3 d5 12.Rc1 dxc4 13.Bxc4 Bb7 14.O-O Rc8 15.Qa4 Nb8
16.Qxa7 Bxg2 17.Nxe6 fxe6 18.Bxe6+ Kh8 19.Kxg2 Nd5 20.Bxc8 Qxc8 21.Kh1 Nc6
22.Qa4 Qh3 23.f4 Nce7 24.Qd1 Qd7 25.Qf3 Nc6 26.f5 Nce7 27.Qe4 Nxf5 28.Bb4 Nxb4
29.axb4 Ng3+ 30.hxg3 Qh3+ 31.Kg1 Qxg3+ 32.Qg2 Qe3+ 33.Kh1 {#r} 1-0

[Event "Memorial M.Chigorin (open)"]
[Site "masterchessopen.com St. Petersburg (Russia)"]
[Date "2010.11.04"]
[Round "8"]
[White "Menkov Aleksandr (RUS)"]
[Black "Maevsky Nikolay (RUS)"]
[Result "0-1"]
[WhiteElo "2149"]
[BlackElo "2302"]

1.c4 e6 2.d4 Nf6 3.Nc3 Bb4 4.e3 c5 5.Ne2 cxd4 6.exd4 d5 7.a3 Be7 8.Nf4 O-O
9.Be3 Nc6 10.c5 Bxc5 11.dxc5 d4 12.Nfd5 Nxd5 13.Bxd4 Qh4 14.Ne2 Rd8 15.Qd3 e5
16.Bc3 Nf4 17.Nxf4 Rxd3 18.Nxd3 Bg4 19.h3 Bh5 20.g4 Bxg4 21.Bg2 Bf5 22.Bxc6
bxc6 23.O-O-O Rd8 24.Nb4 Qf4+ 25.Rd2 Rxd2 {#R} 0-1

[Event "It (open)"]
[Site "masterchessopen.com Litomysl (Czech Republic)"]
[Date "2010.12.27"]
[Round "2"]
[White "Kotva Milan (CZE)"]
[Black "Madan Augustin (ROM)"]
[Result "0-1"]
[WhiteElo "2070"]
[BlackElo "2352"]

1.d4 Nf6 2.c4 e6 3.Nc3 Bb4 4.e3 c5 5.Ne2 cxd4 6.exd4 d5 7.a3 Be7 8.cxd5 Nxd5
9.Nxd5 exd5 10.Nc3 O-O 11.Bd3 Nc6 12.Qh5 f5 13.Ne2 Qb6 14.Qf3 Bf6 15.Be3 Qxb2
16.Qxd5+ Kh8 17.O-O Rd8 18.Qc4 Na5 19.Qc7 Qb6 20.Qg3 Qd6 21.Bf4 Qd5 22.Bc7 Rd7
23.Rac1 b6 {#R} 0-1

[Event "It (open)"]
[Site "masterchessopen.com Aschach (Austria)"]
[Date "2010.12.28"]
[Round "4"]
[White "Krejci Jan (CZE)"]
[Black "Matt Fabian (AUT)"]
[Result "1-0"]
[WhiteElo "1719"]
[BlackElo "2125"]

1.d4 Nf6 2.c4 e6 3.Nc3 Bb4 4.e3 c5 5.Ne2 d5 6.a3 Bxc3+ 7.Nxc3 cxd4 8.exd4 dxc4
9.Bxc4 O-O 10.O-O Nc6 11.Be3 b6 12.Rc1 Bb7 13.Ba2 Ne7 14.Bg5 Ned5 15.Nxd5 Bxd5
16.Bb1 Bb7 17.Rc3 Qd5 18.Rg3 Ne8 19.Be7 g6 20.Re1 Rc8 21.Bxf8 Kxf8 22.Be4 Qd7
23.Bxb7 Qxb7 24.Qd2 Qd5 25.Rf3 e5 26.Qb4+ Kg8 27.dxe5 Ng7 28.Qb3 Qb7 29.Rc3
Re8 30.Qb5 Re7 31.Qc6 Qa6 32.Qc8+ {#r} 1-0

[Event "Tournament (open)"]
[Site "masterchessopen.com St. Petersburg (Russia)"]
[Date "2011.01.04"]
[Round "2"]
[White "Semenenko Sergey (RUS)"]
[Black "Gorjunov Sergey (RUS)"]
[Result "1-0"]
[WhiteElo "2196"]
[BlackElo "2087"]

1.d4 Nf6 2.c4 e6 3.Nc3 Bb4 4.e3 c5 5.Ne2 b6 6.a3 Ba5 7.g3 Bb7 8.d5 b5 9.Bg2
bxc4 10.O-O O-O 11.e4 exd5 12.e5 Ng4 13.f4 Nc6 14.Nxd5 d6 15.Nec3 Nh6 16.f5
Bxc3 17.bxc3 Nxe5 18.f6 Bxd5 19.Bxd5 Rb8 20.Qh5 Nhg4 21.fxg7 Kxg7 22.h3 Rb3
23.hxg4 Rxc3 24.Bf4 f6 25.Ra2 Kh8 26.Rh2 Qe7 27.g5 Qg7 28.gxf6 Rxf6 29.Qe8+
Rf8 30.Qxf8+ {#r} 1-0

[Event "It (open)"]
[Site "masterchessopen.com Prague (Czech Republic)"]
[Date "2011.01.10"]
[Round "4"]
[White "Nguyen Chi-Minh (FRA)"]
[Black "Pochinkov Andrey (CZE)"]
[Result "1-0"]
[WhiteElo "2401"]
[BlackElo "2181"]

1.d4 Nf6 2.c4 e6 3.Nc3 Bb4 4.e3 c5 5.Ne2 Nc6 6.a3 Bxc3+ 7.Nxc3 d6 8.Be2 O-O
9.O-O e5 10.d5 Ne7 11.e4 Ng6 12.Bg5 h6 13.Be3 Nh7 14.Bg4 Qf6 15.Bxc8 Raxc8
16.Qg4 Nf4 17.g3 h5 18.Qf5 Qxf5 19.exf5 Nd3 20.Rab1 Rfe8 21.Ne4 Nf6 22.Nxd6 e4
23.Nxe8 Nxe8 24.Rfd1 Nd6 25.b3 Nxf5 26.Kg2 f6 27.h3 g5 28.g4 Nh4+ 29.Kg3 Nf3
30.Rxd3 {#r} 1-0

[Event "Ch Poland (juniors) (under 18)"]
[Site "masterchessopen.com Murzasichle (Poland)"]
[Date "2011.03.07"]
[Round "3"]
[White "Matuszewski Michal (POL)"]
[Black "Bartoszek Marcin (POL)"]
[Result "1-0"]
[WhiteElo "2325"]
[BlackElo "1884"]

1.d4 Nf6 2.c4 e6 3.Nc3 Bb4 4.e3 c5 5.Ne2 Nc6 6.a3 Bxc3+ 7.Nxc3 d6 8.b4 O-O
9.b5 Nb8 10.Be2 Nbd7 11.O-O h6 12.a4 e5 13.a5 Qc7 14.Ba3 b6 15.dxc5 dxc5
16.axb6 Nxb6 17.e4 Rd8 18.Nd5 Nbxd5 19.exd5 Ne4 20.Bd3 Nf6 21.Re1 Qd6 22.Qe2
Nd7 23.Qe4 g6 24.Bb2 Re8 25.f4 Nf6 26.fxe5 Nxe4 27.exd6 Nxd6 28.Rxe8+ Nxe8
{#r} 1-0

[Event "Ch England (team) 2010/11 (2 div)"]
[Site "masterchessopen.com England"]
[Date "2011.03.27"]
[Round "8"]
[White "Morris Gareth (WLS)"]
[Black "Buckley David (ENG)"]
[Result "1-0"]
[WhiteElo "2105"]
[BlackElo "2245"]

1.d4 Nf6 2.c4 e6 3.Nc3 Bb4 4.e3 c5 5.Ne2 b6 6.a3 Ba5 7.Rb1 Na6 8.g3 Bb7 9.d5
exd5 10.Bg2 O-O 11.cxd5 b5 12.O-O b4 13.Na4 Re8 14.Qd3 Rc8 15.b3 bxa3 16.Bxa3
Nb4 17.Bxb4 cxb4 18.Rbc1 d6 19.e4 Qd7 20.h3 a6 21.Nd4 Rxc1 22.Rxc1 Rc8 23.Rc4
Qe8 24.Nf5 Rd8 25.Qe3 Qd7 26.Nxg7 Nxd5 27.exd5 {#r} 1-0

[Event "Ch Europe (seniors) (team)"]
[Site "masterchessopen.com Thessaloniki (Greece)"]
[Date "2011.05.05"]
[Round "3"]
[White "Singleton Michael P F (ENG)"]
[Black "Bapoglu Ibrahim (TUR)"]
[Result "1-0"]
[WhiteElo "2164"]
[BlackElo "1818"]

1.d4 Nf6 2.c4 e6 3.Nc3 Bb4 4.e3 c5 5.Ne2 d5 6.a3 Bxc3+ 7.Nxc3 cxd4 8.exd4 O-O
9.Be3 b6 10.Qf3 Bb7 11.Bd3 Nbd7 12.Qh3 Ne4 13.f3 Nef6 14.O-O Ba6 15.b3 Rc8
16.Nb5 Bxb5 17.cxb5 Rc3 18.Rad1 Qc7 19.Rc1 Rc8 20.Rxc3 Qxc3 21.Rc1 Qxd3
22.Rxc8+ Nf8 23.Kf2 Qxb3 24.g4 Qb2+ 25.Kg1 Qxa3 26.Bf2 h6 27.Qg3 Kh7 28.h4 Ng6
29.Kg2 Qb2 30.h5 {#r} 1-0

[Event "It \"]
[Site "masterchessopen.com Sarajevo (Bosnia & Herzegovina)"]
[Date "2011.05.09"]
[Round "6"]
[White "Predojevic Borki (BIH)"]
[Black "Dumpor Atif (BIH)"]
[Result "1-0"]
[WhiteElo "2643"]
[BlackElo "2373"]

1.d4 Nf6 2.c4 e6 3.Nc3 Bb4 4.e3 c5 5.Ne2 Ne4 6.g3 Qf6 7.f4 Nc6 8.Bg2 cxd4
9.exd4 d5 10.O-O Nxd4 11.Nxd4 Bxc3 12.Nb5 Ba5 13.Be3 O-O 14.cxd5 exd5 15.Qxd5
Nd2 16.Bd4 Bb6 17.Rf2 Be6 18.Qe5 Qxe5 19.fxe5 Nc4 20.Bxb6 axb6 21.Nc7 Ra5
22.Nxe6 fxe6 23.Re2 Nxe5 24.b4 Rb5 25.a4 Ra8 26.Rae1 Rxa4 27.Rxe5 Rbxb4
28.Rxe6 h5 29.Re8+ Kh7 30.Be4+ g6 31.Re7+ Kh6 32.Re6 {#r} 1-0

[Event "Cup Mayors (open)"]
[Site "masterchessopen.com Mumbai (India)"]
[Date "2011.09.17"]
[Round "3"]
[White "Aleksandrov Aleksej (BLR)"]
[Black "Prasad Devaki V (IND)"]
[Result "1-0"]
[WhiteElo "2609"]
[BlackElo "2365"]

1.d4 Nf6 2.c4 e6 3.Nc3 Bb4 4.e3 c5 5.Ne2 cxd4 6.exd4 d5 7.a3 Be7 8.c5 b6 9.b4
O-O 10.g3 bxc5 11.dxc5 Nc6 12.Bg2 Ne5 13.Bf4 Nc4 14.O-O Bb7 15.Re1 e5 16.Bg5
e4 17.Nd4 h6 18.Be3 Qd7 19.Qa4 Qxa4 20.Nxa4 Nxe3 21.fxe3 Ng4 22.c6 Bc8 23.Nc3
Be6 24.Bh3 h5 25.Bxg4 hxg4 26.b5 Bc5 27.Na4 Bd6 28.Rec1 g5 29.Rc3 Bc7 30.Rb1
Bc8 31.b6 axb6 32.Nxb6 Bxb6 33.Rxb6 f5 34.c7 {#r} 1-0

[Event "Ch Slovakia (juniors) (under 20)"]
[Site "masterchessopen.com Senica (Slovakia)"]
[Date "2011.12.28"]
[Round "3"]
[White "Danada Tomas (SVK)"]
[Black "Jacko Vladimir (SVK)"]
[Result "0-1"]
[WhiteElo "2062"]
[BlackElo "2046"]

1.d4 Nf6 2.c4 e6 3.Nc3 Bb4 4.e3 c5 5.Ne2 cxd4 6.exd4 d5 7.a3 Be7 8.g3 dxc4
9.Bg2 O-O 10.Qa4 Bd7 11.Qxc4 Bc6 12.O-O Bxg2 13.Kxg2 Nbd7 14.Rd1 Nb6 15.Qd3
Rc8 16.Nf4 Qc7 17.Qf3 Rfd8 18.Be3 Nc4 19.Qe2 Nxa3 20.Rdc1 Nc4 21.Rxa7 Qb6
22.Ra2 Qb3 23.Qd1 Nxe3+ 24.fxe3 Rxc3 {#R} 0-1

[Event "Ch City (1/2 final)"]
[Site "masterchessopen.com Ufa (Russia)"]
[Date "2012.01.28"]
[Round "8"]
[White "Churaev Raif (RUS)"]
[Black "Galiakhmedov Albert (RUS)"]
[Result "1-0"]
[WhiteElo "2091"]
[BlackElo "1830"]

1.d4 Nf6 2.c4 e6 3.Nc3 Bb4 4.e3 c5 5.Ne2 d5 6.a3 Bxc3+ 7.Nxc3 cxd4 8.exd4 dxc4
9.Bxc4 a6 10.O-O b5 11.Ba2 Bb7 12.Bg5 h6 13.Bxf6 Qxf6 14.d5 O-O 15.dxe6 fxe6
16.Qg4 Bc8 17.Rae1 Re8 18.Re3 Ra7 19.Nd5 Qxb2 20.Re2 Qxa3 21.Nf6+ Kf8 22.Nxe8
Kxe8 23.Bxe6 Bxe6 24.Qxe6+ Kd8 25.Qe8+ Kc7 26.Re7+ Qxe7 27.Qxe7+ Kb6 28.Qd8+
Kb7 29.Rc1 Ka8 30.Qd5+ Rb7 31.Rc7 {#r} 1-0

[Event "Ch Vietnam (w)"]
[Site "masterchessopen.com Can Tho (Vietnam)"]
[Date "2012.03.21"]
[Round "5"]
[White "Ton Nu Hong An (VIE)"]
[Black "Vo Thi Kim Phung (VIE)"]
[Result "1-0"]
[WhiteElo "1987"]
[BlackElo "2156"]

1.d4 Nf6 2.c4 e6 3.Nc3 Bb4 4.e3 c5 5.Ne2 cxd4 6.exd4 O-O 7.a3 Be7 8.Be3 b6
9.d5 d6 10.Ng3 e5 11.Bd3 g6 12.h4 Ng4 13.h5 Nxe3 14.fxe3 Bh4 15.Qf3 Qg5 16.Ne4
Bxg3+ 17.Kd2 Qe7 18.Nf6+ Kh8 19.Nxh7 g5 20.Nxf8 Bh4 21.Ng6+ fxg6 22.hxg6 Kg8
23.Raf1 e4 24.Bxe4 Nd7 25.Qh5 Nc5 26.Rf8+ {#r} 1-0

[Event "Cup Netherlands (team)"]
[Site "masterchessopen.com Bunschoten (Netherlands)"]
[Date "2012.05.17"]
[Round "1"]
[White "Sokolov Ivan (NED)"]
[Black "Van Ruitenburg Joost (NED)"]
[Result "1-0"]
[WhiteElo "2653"]
[BlackElo "2291"]

1.d4 Nf6 2.c4 e6 3.Nc3 Bb4 4.e3 c5 5.Ne2 cxd4 6.exd4 O-O 7.a3 Be7 8.Nf4 d6
9.Be3 Nc6 10.Be2 e5 11.dxe5 dxe5 12.Nfd5 Nxd5 13.cxd5 Nb8 14.Rc1 f5 15.d6 Bf6
16.Nd5 Nc6 17.Nxf6+ Rxf6 18.Bg5 Qxd6 19.Bc4+ Kh8 20.Bxf6 Qxf6 21.Qd5 Qd8
22.Qxd8+ Nxd8 23.O-O Nc6 24.Rfd1 g6 25.Rd6 Kg7 26.Bd5 f4 27.Bxc6 bxc6 28.Rd8
{#r} 1-0

[Event "Ch World (blitz) (w)"]
[Site "masterchessopen.com Batumi (Georgia)"]
[Date "2012.06.04"]
[Round "7"]
[White "Socko Monika (POL)"]
[Black "Khukhashvili Sopiko (GEO)"]
[Result "1-0"]
[WhiteElo "2493"]
[BlackElo "2408"]

1.d4 Nf6 2.c4 e6 3.Nc3 Bb4 4.e3 c5 5.Ne2 cxd4 6.exd4 d5 7.c5 O-O 8.a3 Bxc3+
9.Nxc3 b6 10.b4 a5 11.Rb1 axb4 12.axb4 bxc5 13.bxc5 Ne4 14.Nxe4 dxe4 15.Be3
Nc6 16.Bb5 Ne7 17.O-O Ba6 18.Bxa6 Rxa6 19.Qc2 Qd5 20.Rb6 Ra2 21.Qb1 Nf5 22.c6
Nxe3 23.fxe3 Re2 24.c7 Qg5 25.Qxe4 Rxe3 26.Qc6 h5 27.Rb8 Re2 28.Rxf8+ Kh7
29.c8=Q Qe3+ 30.Kh1 Qf2 31.Rg1 Re1 32.Qc2+ {#r} 1-0

[Event "Cup Central Asia"]
[Site "masterchessopen.com Bishkek (Kyrgyzstan)"]
[Date "2012.06.13"]
[Round "2"]
[White "Nurlanov Zhakshylyk (KGZ)"]
[Black "Pahomeev Oleg (KGZ)"]
[Result "1-0"]
[WhiteElo "1865"]
[BlackElo "2104"]

1.d4 Nf6 2.c4 e6 3.Nc3 Bb4 4.e3 c5 5.Ne2 cxd4 6.exd4 d5 7.c5 Bxc3+ 8.Nxc3 b6
9.b4 a5 10.b5 bxc5 11.dxc5 d4 12.Na4 e5 13.Bg5 Nbd7 14.Rc1 O-O 15.Be2 h6
16.Bh4 Re8 17.O-O Qc7 18.Qb3 Rb8 19.b6 Qc6 20.Bb5 Qe4 21.Bxf6 gxf6 22.c6 Nxb6
23.c7 {#r} 1-0

[Event "It (open)"]
[Site "masterchessopen.com Voronezh (Russia)"]
[Date "2012.06.13"]
[Round "2"]
[White "Peskov Alexsey (UKR)"]
[Black "Shaposhnikov Evgeny (RUS)"]
[Result "1-0"]
[WhiteElo "2394"]
[BlackElo "2551"]

1.d4 Nf6 2.c4 e6 3.Nc3 Bb4 4.e3 c5 5.Ne2 b6 6.a3 Ba5 7.g3 Bb7 8.d5 Ne4 9.Bd2
exd5 10.Nxe4 dxe4 11.b4 Nc6 12.bxa5 Ne5 13.Bg2 Nd3+ 14.Kf1 O-O 15.Nf4 Ne5
16.Bc3 Nxc4 17.Qg4 g6 18.Rd1 d5 19.Qe2 Re8 20.h4 b5 21.h5 g5 22.h6 f6 23.Nh5
Re6 24.Bxe4 Qe7 25.Bxd5 {#r} 1-0

[Event "It (open)"]
[Site "masterchessopen.com Montevideo (Uruguay)"]
[Date "2012.06.16"]
[Round "2"]
[White "Ulaneo Nicolas (URU)"]
[Black "Bertucci Santiago (URU)"]
[Result "1-0"]
[WhiteElo "2173"]
[BlackElo "1979"]

1.d4 Nf6 2.c4 e6 3.Nc3 Bb4 4.e3 c5 5.Ne2 b6 6.a3 Ba5 7.Rb1 Na6 8.Bd2 Bb7 9.Nf4
O-O 10.d5 e5 11.Nd3 Bxc3 12.Bxc3 d6 13.f3 Ne8 14.Be2 f5 15.f4 e4 16.Nf2 Nf6
17.g4 fxg4 18.Bxg4 Nxg4 19.Qxg4 Qe7 20.Rg1 Rf7 21.Kd2 b5 22.Qe6 Qxe6 23.dxe6
Re7 24.f5 Rf8 25.f6 b4 26.axb4 cxb4 27.fxe7 bxc3+ 28.bxc3 {#r} 1-0

[Event "Tournament (open)"]
[Site "masterchessopen.com Sao Bernardo (Brazil)"]
[Date "2012.07.15"]
[Round "5"]
[White "Garkauskas Otto Dmitry"]
[Black "Nascimento Jose Eduardo"]
[Result "1-0"]
[WhiteElo "2080"]
[BlackElo "1877"]

1.d4 Nf6 2.c4 e6 3.Nc3 Bb4 4.e3 c5 5.Ne2 d5 6.dxc5 Ne4 7.Qd4 O-O 8.cxd5 Nxc3
9.Nxc3 Qa5 10.a3 Bxc5 11.Qh4 Na6 12.Bd3 f5 13.O-O Qc7 14.e4 Be7 15.Qh3 Nc5
16.exf5 Nxd3 17.Qxd3 Rxf5 18.Be3 a6 19.Rac1 Qd6 20.Rfe1 exd5 21.Nxd5 Rf8
22.Nxe7+ Qxe7 23.Bc5 Qf6 24.Bxf8 Bf5 25.Bxg7 Kxg7 26.Rc7+ Kh6 27.Qe3+ Qg5
28.Qxg5+ Kxg5 29.Rxb7 {#r} 1-0

[Event "Cup Nana Aleksandria"]
[Site "masterchessopen.com Poti (Georgia)"]
[Date "2012.07.17"]
[Round "5"]
[White "Poghosyan Suren (ARM)"]
[Black "Shamatava Ana (GEO)"]
[Result "0-1"]
[WhiteElo "2321"]
[BlackElo "2051"]

1.d4 Nf6 2.c4 e6 3.Nc3 Bb4 4.e3 c5 5.Ne2 cxd4 6.exd4 d5 7.a3 Be7 8.Nf4 O-O
9.cxd5 Nxd5 10.Ncxd5 exd5 11.Bd3 Nc6 12.O-O Bf6 13.Be3 g6 14.Rc1 Qd6 15.g3 Be6
16.Bb1 Rac8 17.Re1 Rfe8 18.h4 Qd7 19.Ba2 Bg4 20.Nxd5 Bg7 21.Qd2 Bf3 22.Nf4 Re4
23.Kh2 g5 24.hxg5 Rxf4 25.Qd3 Re4 26.Bb1 Rce8 27.Qf1 R4e7 28.Rc3 Nxd4 29.Bxd4
{#R} 0-1

[Event "It \"]
[Site "masterchessopen.com Helsingor (Denmark)"]
[Date "2012.07.28"]
[Round "1"]
[White "Solli Oddvar (NOR)"]
[Black "Kristiansen Jens (DEN)"]
[Result "0-1"]
[WhiteElo "1894"]
[BlackElo "2426"]

1.d4 Nf6 2.c4 e6 3.Nc3 Bb4 4.e3 c5 5.Ne2 cxd4 6.exd4 O-O 7.a3 Be7 8.d5 exd5
9.cxd5 Re8 10.g3 Bc5 11.Bg2 d6 12.O-O a6 13.b4 Ba7 14.Bb2 Nbd7 15.Na4 Ne5
16.Bd4 Bg4 17.Bxa7 Rxa7 18.Nac3 Ra8 19.Qb3 Rc8 20.h3 Bf5 21.g4 Bd3 22.Rfe1 Bc4
23.Qd1 Nd3 24.Rf1 h5 25.g5 Nh7 26.h4 Nf8 {#R} 0-1

[Event "It \"]
[Site "masterchessopen.com Helsingor (Denmark)"]
[Date "2012.08.05"]
[Round "10"]
[White "Schandorff Lars (DEN)"]
[Black "Stojanovski Sandi (DEN)"]
[Result "1-0"]
[WhiteElo "2516"]
[BlackElo "2191"]

1.d4 Nf6 2.c4 e6 3.Nc3 Bb4 4.e3 c5 5.Ne2 b6 6.a3 Ba5 7.Rb1 Qe7 8.Bd2 O-O 9.b4
cxb4 10.axb4 Bxb4 11.Rxb4 Qxb4 12.Nd5 Qxc4 13.Nef4 Qxd5 14.Nxd5 Nxd5 15.e4 Ne7
16.Bb4 Re8 17.h4 Bb7 18.Bd3 Nbc6 19.Bc3 Rac8 20.Qd2 f5 21.f3 Nb8 22.h5 h6
23.g4 fxg4 24.fxg4 Rf8 25.g5 hxg5 26.h6 Rf4 27.d5 gxh6 28.Rxh6 Ba6 29.Bxa6
Nxa6 30.Qd4 Rxe4+ 31.Qxe4 Rxc3 32.Qh7+ {#r} 1-0

[Event "Tournament (open)"]
[Site "masterchessopen.com Novokuznetsk (Russia)"]
[Date "2012.08.05"]
[Round "4"]
[White "Feofanov Vladimir (RUS)"]
[Black "Chernov M (RUS)"]
[Result "0-1"]
[WhiteElo "2256"]
[BlackElo "2235"]

1.d4 Nf6 2.c4 e6 3.Nc3 Bb4 4.e3 c5 5.Ne2 cxd4 6.exd4 d5 7.a3 Be7 8.c5 O-O 9.b4
b6 10.g3 bxc5 11.dxc5 a5 12.Rb1 axb4 13.axb4 Na6 14.Bg2 Rb8 15.Ba3 e5 16.O-O
d4 17.Na4 Bf5 18.Rb2 Nc7 19.Nb6 Nb5 20.Qa4 Rxb6 21.cxb6 Qxb6 22.Rd2 Ne4
23.Bxe4 Bxe4 24.Bb2 Bf3 25.Qb3 Qh6 26.Nxd4 Nxd4 27.Rxd4 e4 28.Rxe4 Bxe4 29.Re1
Qc6 30.Qe3 Bh1 31.f3 Bxf3 32.Qxe7 Qc2 {#R} 0-1

[Event "Memorial K.Tsiolkovsky (open)"]
[Site "masterchessopen.com Kaluga (Russia)"]
[Date "2012.08.08"]
[Round "0"]
[White "Ivanov Mikhail M (RUS)"]
[Black "Krylov Ivan (RUS)"]
[Result "1-0"]
[WhiteElo "2403"]
[BlackElo "2206"]

1.d4 Nf6 2.c4 e6 3.Nc3 Bb4 4.e3 c5 5.Ne2 cxd4 6.exd4 d5 7.a3 Be7 8.Nf4 dxc4
9.Bxc4 Nc6 10.Be3 O-O 11.O-O e5 12.dxe5 Nxe5 13.Ba2 Bf5 14.h3 h6 15.Qe2 Bd3
16.Nxd3 Qxd3 17.Rfd1 Qxe2 18.Nxe2 Nc6 19.Rd7 Rad8 20.Rxd8 Bxd8 21.b4 a6 {#r}
1-0

[Event "It (open)"]
[Site "masterchessopen.com Maringa (Brazil)"]
[Date "2012.08.11"]
[Round "6"]
[White "Garkauskas Otto Dmitry (BRA)"]
[Black "Molina Roberto Junio Brito (BRA)"]
[Result "0-1"]
[WhiteElo "2080"]
[BlackElo "2423"]

1.d4 Nf6 2.c4 e6 3.Nc3 Bb4 4.e3 c5 5.Ne2 cxd4 6.exd4 d5 7.a3 Be7 8.cxd5 Nxd5
9.g3 O-O 10.Bg2 Nxc3 11.Nxc3 Bf6 12.Be3 Nc6 13.Bxc6 bxc6 14.O-O Qa5 15.Ne4 Be7
16.Nc5 Qb5 17.Qc2 a5 18.b3 Rd8 19.Rfc1 Bf6 20.Qe4 Rd5 21.Rc3 h6 22.Rac1 e5
23.a4 Qe2 24.dxe5 Bh3 25.Nd3 Rad8 26.Re1 Rxd3 27.Rcc1 Rxe3 {#R} 0-1

[Event "It (open)"]
[Site "masterchessopen.com Vienna (Austria)"]
[Date "2012.08.13"]
[Round "1"]
[White "Sadilek Peter (AUT)"]
[Black "Fichtinger Leopold (AUT)"]
[Result "1-0"]
[WhiteElo "2257"]
[BlackElo "2002"]

1.d4 Nf6 2.c4 e6 3.Nc3 Bb4 4.e3 c5 5.Ne2 d5 6.a3 Bxc3+ 7.Nxc3 Nc6 8.dxc5 O-O
9.Be2 Qa5 10.b4 Nxb4 11.Bd2 Na6 12.Nxd5 Qxc5 13.Bb4 Nxb4 14.axb4 {#r} 1-0

[Event "Cup Russia (open)"]
[Site "masterchessopen.com Vladivostok (Russia)"]
[Date "2012.09.24"]
[Round "8"]
[White "Fedoseev Vladimir (RUS)"]
[Black "Aleksandrov Aleksej (BLR)"]
[Result "1-0"]
[WhiteElo "2152"]
[BlackElo "2602"]

1.d4 Nf6 2.c4 e6 3.Nc3 Bb4 4.e3 c5 5.Ne2 d5 6.a3 Ba5 7.dxc5 dxc4 8.Bd2 Nbd7
9.Ng3 Nd5 10.Qg4 Bxc3 11.Bxc3 Nxc3 12.Qxg7 Qf6 13.Qxf6 Nxf6 14.bxc3 Bd7 15.Rb1
Bc6 16.Ne2 e5 17.Ng3 O-O-O 18.Bxc4 Bxg2 19.Rg1 Bf3 20.Bxf7 Rhf8 21.Bc4 Nd7
22.Be2 Nxc5 23.Bxf3 Rxf3 24.Ke2 {#r} 1-0

[Event "It (open)"]
[Site "masterchessopen.com Arco (Italy)"]
[Date "2012.10.17"]
[Round "5"]
[White "Burnier David (SUI)"]
[Black "Naumkin Igor (RUS)"]
[Result "0-1"]
[WhiteElo "2313"]
[BlackElo "2480"]

1.d4 Nf6 2.c4 e6 3.Nc3 Bb4 4.e3 c5 5.Ne2 d5 6.a3 Bxc3+ 7.Nxc3 cxd4 8.exd4 dxc4
9.Bxc4 Nc6 10.Be3 O-O 11.O-O b6 12.Qf3 Bb7 13.Bd3 Qd7 14.Qh3 Ne7 15.Bg5 Ng6
16.Bxf6 gxf6 17.Rad1 Rfd8 18.Rfe1 Kg7 19.Bc2 Qc7 20.Re3 Qf4 21.d5 Bxd5 22.Nxd5
Rxd5 23.Rxd5 exd5 24.g3 Qd6 25.Qf5 d4 26.Rf3 Re8 27.h4 Re5 28.Qd3 Re1+ 29.Kg2
Qc6 {#R} 0-1